000 00734nam a2200229 a 4500
001 000038901
003 DO-SdBNP
005 20251203105624.0
008 130502s1971 dr ac 000 0 spa d
040 _aDO-SdBNP
_bspa
_cBNPHU
_drda
082 _a972.93
_bG491h, 1971
100 1 _aGimbernard, Jacinto
_953762
245 1 0 _aHistoria de Santo Domingo /
_cJacinto Gimbernard.
250 _a3a. ed.
260 _aSanto Domingo :
_bOffset Sardá,
_c1971.
300 _a602 p. :
_bils., retrs. ;
_c22 cm.
590 _aInventariado, 2020/VM
651 0 _aRepública Dominicana
_xHistoria
_978065
651 4 _a Santo Domingo (República Dominicana)
_xHistoria
_985361
910 _aValidado. Control de calidad MFF
942 _2ddc
_cLBS1
999 _c38391
_d38391